What is in a name: The politics of name changing (Record no. 521674)

000 -LEADER
fixed length control field 01340nam a22001577a 4500
008 - FIXED-LENGTH DATA ELEMENTS--GENERAL INFORMATION
fixed length control field 230222b ||||| |||| 00| 0 eng d
100 ## - MAIN ENTRY--PERSONAL NAME
Personal name Kakati, Bhaskar Kumar
245 ## - TITLE STATEMENT
Title What is in a name: The politics of name changing
260 ## - PUBLICATION, DISTRIBUTION, ETC. (IMPRINT)
Place of publication, distribution, etc Sociological Bulletin
300 ## - PHYSICAL DESCRIPTION
Extent 71(3), Jul, 2022: p.421-436
520 ## - SUMMARY, ETC.
Summary, etc Various socio-cultural and religious backgrounds influence the naming of an individual. For example, the Hindu belief system shapes the Assamese Hindu’s name in Assam. In contrast, the Islamic belief system shapes Assamese Muslim names, confirming that the personal name of an individual is a significant attribute of identification. It assists in identifying the individual. Equally, it also reveals the bearers’ socio-cultural and religious backgrounds. Therefore, the name directly or indirectly can affect the personal and social life of the individual. As the name can affect the individual’s life, sometimes an individual has to change their name to enjoy social, cultural and political benefits. This article carefully analyses how the name affects the name bearer and why an individual may seek to change his/her name.- Reproduced
650 ## - SUBJECT ADDED ENTRY--TOPICAL TERM
Topical term or geographic name as entry element Identity, Surname, Labour market, Social status, Neo-vaishnavism.
9 (RLIN) 35839
773 ## - HOST ITEM ENTRY
Main entry heading Sociological Bulletin
906 ## - LOCAL DATA ELEMENT F, LDF (RLIN)
Subject DIP IDENTITY
942 ## - ADDED ENTRY ELEMENTS (KOHA)
Item type Articles
Holdings
Withdrawn status Lost status Source of classification or shelving scheme Damaged status Not for loan Permanent location Current location Date acquired Serial Enumeration / chronology Barcode Date last seen Koha item type
          Indian Institute of Public Administration Indian Institute of Public Administration 2023-02-22 71(3), Jul, 2022: p.421-436 AR128054 2023-02-22 Articles

Powered by Koha